000 01526nam a22003617a 4500
003 OSt
005 20230616083255.0
008 221006b |||||||| |||| 00| 0 eng d
040 _cBiblioteca Lado V
082 _a709.05
_bG851a
100 _9855
_aGriffin, Tim
_eeditor
245 _aArtforum/
_bInternacional/
260 _aNew York
_c2004
_bNew York editorial and business offices
300 _c26.5x27cm
_a316p.
366 _eeng
490 _aOctubre
_v2004
_x0864-1315
505 _tLetters
505 _tBACK TO TOMORROW
505 _tPOPISMS
505 _tMY WARHOL
505 _tPOP AFTER POP
_aA Roundtable Screen Test: Jeff Koons's Olive Oyl
505 _tMY POP
505 _tTHIS IS TODAY
_aSampling the Globe Pop Life: Los super Elegantes Performing the System Performing the Self: Martin Kippenberger TV, or Not TV: Alex Bag Subject to Revision What's Not to like?: Mike Kelley Black to Front: Robert Colescott Image Building
650 _2Tesauro de Arte & Arquitectura
_aARTE COMTEMPORANEO
_9703
650 _2Tesauro de Arte & Arquitectura
_aFOTOGRAFIA
_9702
650 _2Tesauro de Arte & Arquitectura
_aARTE VISUAL
_9702
650 _2Tesauro de Arte & Arquitectura
_aLIBROS
650 _2Tesauro de Arte & Arquitectura
_aNOTICIAS
650 _2 Tesauro de Arte & Arquitectura
_aARTE INTERNACIONAL
650 _2 Tesauro de Arte & Arquitectura
_aESCULTURA
700 _aNavarreta, Jose Antonio
_eeditor
942 _2ddc
_c1
_h709.05
_iG851a
_n0
999 _c3846
_d3846